| 000 -LEADER | |
|---|---|
| fixed length control field | 00412nam a22001577a 4500 |
| 005 - DATE AND TIME OF LATEST TRANSACTION | |
| control field | 20240108142610.0 |
| 008 - FIXED-LENGTH DATA ELEMENTS--GENERAL INFORMATION | |
| fixed length control field | 190528b xxu||||| |||| 00| 0 eng d |
| 020 ## - INTERNATIONAL STANDARD BOOK NUMBER | |
| ISBN | 978-93-80064-69-7 |
| 041 ## - LANGUAGE CODE | |
| Language code of text/sound track or separate title | eng |
| 100 ## - MAIN ENTRY--AUTHOR NAME | |
| Personal name | VYAWAHARE, DR. N.S. AND VORA, MS. SALONI |
| 245 ## - TITLE STATEMENT | |
| Title | A TEXTBOOK OF GENERAL PHARMACOLOGY |
| 250 ## - EDITION STATEMENT | |
| Edition statement | 5th, Ed.. 2018 |
| 260 ## - PUBLICATION, DISTRIBUTION, ETC. (IMPRINT) | |
| Place of publication | PUNE |
| Name of publisher | NIRALI PRAKASHAN |
| 300 ## - PHYSICAL DESCRIPTION | |
| Number of Pages | G.7 |
| 942 ## - ADDED ENTRY ELEMENTS (KOHA) | |
| Koha item type | Books |
| Lost status | Damaged status | Collection code | Home library | Current library | Shelving location | Date acquired | Source of acquisition | Cost, normal purchase price | Full call number | Accession Number | Koha item type |
|---|---|---|---|---|---|---|---|---|---|---|---|
| PHARMACY | JRU Library | JRU Library | Shelf - 21- C | 28/05/2019 | PURCHESS | 120.00 | 615.1 | 22768 | Books | ||
| PHARMACY | JRU Library | JRU Library | SHELF-18-C | 28/05/2019 | PURCHESS | 120.00 | 22769 | Books | |||
| PHARMACY | JRU Library | JRU Library | Shelf - 21- C | 28/05/2019 | PURCHESS | 120.00 | 615.1 | 22770 | Books | ||
| PHARMACY | JRU Library | JRU Library | Shelf - 21- C | 28/05/2019 | PURCHESS | 120.00 | 615.1 | 22771 | Books | ||
| Reference | JRU Library | JRU Library | SHELF-4-B | 28/05/2019 | PURCHESS | 120.00 | 22772 | Books |